| 000 | 00719nam a2200217 a 4500 | ||
|---|---|---|---|
| 001 | 2999543 | ||
| 005 | 20250129133601.0 | ||
| 008 | 940610s1994 iaua 001 0 eng d | ||
| 020 | _a9780697133144 | ||
| 050 | 0 | 4 |
_aRB113 _b.N69 1994 |
| 082 | 0 | 0 |
_a616.07 _220 |
| 100 | 1 | _aNowak, Thomas J. | |
| 245 | 1 | 0 |
_aEssentials of pathophysiology : _bconcepts and applications for health care professionals / _cThomas J. Nowak, A. Gordon Handford. |
| 260 |
_aDubuque, Iowa : _bWm. C. Brown Publishers, _c1994. |
||
| 300 |
_axviii, 666 p. : _bill. (some col.) ; 29 cm. _c 29 cm. |
||
| 500 | _aIncludes index. | ||
| 650 | 0 | _aPhysiology, Pathological. | |
| 650 | 0 | _aNursing. | |
| 700 | 1 | _aHandford, A. Gordon. | |
| 942 |
_2lcc _cBK _n0 |
||
| 999 |
_c3217 _d3217 |
||